TV Theme Songs: First Lines Quiz Stats

 Plays Quiz Updated Feb 24, 2018

Score 0/30 Timer 08:00
0 Plays Today
% Correct
door
93%
life
93%
pineapple
92%
question
91.8%
modern
91.3%
flipped
91%
mysterious
90.6%
beautiful
90.2%
man
89.4%
friend
89.2%
sex
88.8%
world
88.3%
smile
88.2%
light
86.8%
thing
86.8%
% Correct
universe
86.7%
lady
85.3%
manly
84.4%
horse
83.2%
clouds
82.6%
deluxe
82.1%
fights
82%
predictability
81.6%
trip
81.6%
gun
80%
time
77.8%
exciting
76.1%
blues
72.5%
way
66.4%
ticket
54.6%

You're not logged in!

Compare scores with friends on all Sporcle quizzes.
OR
Log In

You Might Also Like...

Show Comments

Extras

Top Quizzes Today


Score Distribution

Your Account Isn't Verified!

In order to create a playlist on Sporcle, you need to verify the email address you used during registration. Go to your Sporcle Settings to finish the process.

Report this User

Report this user for behavior that violates our Community Guidelines.

Details: